[Event "Shenzhen FIDE GP (Women)"]
[Site "Shenzhen"]
[Date "2011.09.09"]
[Round "3"]
[White "Cmilyte, Viktorija"]
[Black "Danielian, Elina"]
[Result "1-0"]
[WhiteElo "2525"]
[BlackElo "2517"]
[Annotator "Mikhalchishin,A"]
[PlyCount "59"]
[EventDate "2011.09.07"]
[EventType "tourn"]
[EventRounds "11"]
[EventCountry "CHN"]
[EventCategory "10"]
[SourceTitle "CBM 145"]
[Source "ChessBase"]
[SourceDate "2011.11.11"]
[SourceVersion "1"]
[SourceVersionDate "2011.11.11"]
[SourceQuality "1"]
[TimeControl "5400"]
[WhiteClock "0:00:03"]
[BlackClock "0:00:00"]

1. d4 d5 2. c4 c6 3. Nf3 Nf6 4. Nc3 dxc4 5. a4 Bf5 6. e3 e6 7. Bxc4 Bb4 8. O-O
O-O 9. Qe2 Nbd7 10. e4 Bg6 11. Bd3 c5 12. e5 ({A serious alternative is} 12.
Na2 a5 ({The retreat} 12... Ba5 {is much weaker:} 13. Bg5 Qb8 (13... Bc7 14.
Rfd1 Qb8 15. Bxf6 Nxf6 16. dxc5 Nd7 17. b4 a5 18. Bc2 Ne5 19. h3 Nxf3+ 20. Qxf3
axb4 21. Nxb4 Ra5 22. Rab1 Qa8 23. Qe3 Qa7 24. Nd3 Bd8 25. Rb5 Rxb5 26. axb5
Be7 27. Qd4 Rd8 28. Qc4 h6 29. c6 bxc6 30. bxc6 Bh4 31. Rb1 Rc8 32. Rb7 Qa1+
33. Kh2 Qf1 34. Rb1 Qe2 35. c7 Bxf2 36. Rb8 Bxe4 37. Rxc8+ Kh7 38. Qxe4+ Qxe4
39. Nb4 {1-0 Lalic,B (2470)-Straka,J (2305)/Sunningdale 2011}) 14. Bxf6 gxf6
15. Bb5 Rd8 16. Bxd7 Rxd7 17. dxc5 Qf4 18. Qb5 Bxe4 19. Qxd7 Rd8 20. Qb5 Bxf3
21. gxf3 Qxf3 22. Qxa5 Qg4+ 23. Kh1 Qf3+ 24. Kg1 Qg4+ 25. Kh1 Qf3+ 26. Kg1 Qg4+
{1/2 Li Chao2 (2669)-Akopian,V (2667)/Ningbo CHN 2011}) 13. Nxb4 axb4 14. e5 (
14. Bg5 $142) 14... Nd5 15. Bb5 h6 (15... Bh5) 16. Rd1 Qe7 17. Bd2 Rfc8 18.
dxc5 Nxc5 19. Nd4 Qh4 20. Be1 Nf4 21. Qe3 Qg5 22. g3 Nh3+ 23. Kf1 Qxe3 24. fxe3
f6 {1/2 Bhat,V (2495)-Dutta,J (2300)/New Delhi IND 2009}) 12... cxd4 ({There
are two different options which lead to simpler positions for Black:} 12...
Bxc3 13. bxc3 Nd5 14. Bxg6 fxg6 15. Ng5 Qe7 16. Ne4 Nf4 17. Qg4 h5 18. Qf3 g5
19. Nd6 cxd4 20. cxd4 Nb6 21. Ba3 g4 22. Qxb7 Qxb7 23. Nxb7 Ne2+ 24. Kh1 Rfb8
25. Nc5 Nxd4 26. Bb2 Nc2 27. Rac1 Nb4 28. a5 N6d5 29. Ba3 Re8 {Black can hold
without serious problems,1/2 Irizanin,R (2260)-Zivkovic,M (2151)/Vrnjacka
Banja 2006}) (12... Nd5 13. Nxd5 exd5 14. Bxg6 hxg6 15. Ng5 Re8 16. Qf3 Qe7 17.
Qxd5 cxd4 18. e6 fxe6 19. Qxd4 a5 20. Be3 Nf6 21. Qd3 Red8 22. Qxg6 Rd5 23.
Rac1 Qe8 24. Qxe8+ Rxe8 25. Rc4 b5 26. axb5 Rxb5 27. Rfc1 Rbb8 28. R1c2 e5 29.
f3 Nd5 {and it is not so easy to defend Black's position with such weak pawns,
1/2 Majka,B (2241)-Yarmolyuk,Y (2225)/corr 9LvivChessClub t-144L 1997}) 13.
exf6 ({A very interesting option here is} 13. Na2 Nd5 14. Bxg6 hxg6 15. Nxb4
Nxb4 16. Ng5 (16. Bg5 Qb6 17. Be7 Rfe8 (17... Rfc8 18. Qe4 Nd5 19. Ba3 Qd8 20.
Qxd4 a6 21. Bd6 Rc2 22. Qg4 Rac8 23. Nd4 Rd2 24. Rad1 N7f6 25. Nxe6 Nxg4 26.
Nxd8 Rxd1 27. Rxd1 Rxd8 28. Rxd5 Nxe5 29. Rxe5 ({Simpler is to hold the other
ending} 29. Rd4 Nc6 30. Rd2) 29... Rxd6 30. Re8+ Kh7 31. g3 Rb6 {and White has
to fight seriously for a draw in this endgame, 0-1 Shchekachev,A (2546)
-Kazhgaleyev,M (2643)/Cappelle la Grande 2010}) 18. Bd6 a5 19. Qe4 Nc6 20. Ra3
f6 21. exf6 Nxf6 22. Qxg6 Ne7 23. Bxe7 Rxe7 24. Ne5 Qc5 25. Re1 Rc8 26. g4 Qc2
27. g5 Nd5 28. Qh5 Nf4 29. Qh4 Rf8 30. Rf3 Qd2 31. Kf1 Qxe1+ 32. Kxe1 Ng2+ 33.
Kf1 Nxh4 34. Rh3 Rf5 {0-1 Olivier,J (2363)-Adda,O (2190)/Grenoble FRA 2007})
16... Qc7 17. Bd2 Nd5 18. Rfe1 Qc2 19. Rad1 Rfe8 20. Qg4 Nf8 21. Qf3 Qf5 22.
Qg3 Qc2 23. Qf3 Qf5 24. Qg3 Qc2 25. Qf3 Qf5 {1/2 Chuchelov,V (2571)-Krivoshey,
S (2499)/Porz GER 2004}) 13... dxc3 14. fxg7 ({The immediate exchange of
bishops is possible and leads to unclear positions} 14. Bxg6 hxg6 15. Qb5 (15.
fxg7 Re8 16. Rd1 Qe7 17. bxc3 Bxc3 18. Bg5 f6 19. Rac1 Rac8 20. Qb5 Nb6 21.
Rxc3 Rxc3 22. Bxf6 Qxf6 23. Qxe8+ Kxg7 24. Re1 Rc6 25. a5 Nd5 26. Qd7+ Qe7 27.
Qxd5 {1-0 Knoll,H (2365)-Rieger,R (2150)/Linz AUT 2011}) 15... Bd6 16. fxg7
Kxg7 17. bxc3 Qc7 18. c4 Rh8 19. Bb2+ f6 20. g3 Rh5 21. Qb3 Rah8 22. Rad1 Nc5
23. Qe3 e5 24. Ba3 b6 25. Rd5 Qd7 26. Rfd1 Rxh2 27. Nxh2 Qh3 28. Rxd6 Qxh2+ 29.
Kf1 Qh3+ 30. Ke2 Qg4+ 31. Qf3 Qxc4+ 32. Ke1 {1-0 Raeva,E (2238)-Galunova,T 
(1984)/Dupnitsa BUL 2010}) 14... Kxg7 15. Rd1 (15. Bxg6 hxg6 16. bxc3 Bxc3 17.
Ra3 Bf6 18. Qd2 Qe7 19. Rd3 Nc5 (19... Rfd8 $142 {but White has some
compensation for the pawn.}) 20. Qh6+ Kg8 21. Ng5 Rfd8 22. Qh7+ Kf8 23. Rf3 e5
24. Ba3 b6 25. Ne4 Bg7 26. Qxg6 Kg8 27. Qg4 Rac8 28. Ng5 Qd7 29. Qh5 f6 30.
Qh7+ Kf8 31. Qg6 Rc6 32. Bxc5+ bxc5 33. Nh7+ {with a decisive attack,1-0
Kovalenko,S (2140)-Mischenko,D (2070)/UCCF 2005}) 15... Qc7 16. Bxg6 (16. bxc3
Bxc3 17. Bb2 Bxb2 18. Qxb2+ Kg8 19. Rac1 Nc5 20. Ne5 Nxd3 21. Rxd3 Qa5 22. Nxg6
hxg6 23. Rh3 e5 24. Rhc3 Rad8 25. Qb3 Rd4 26. Rc4 Rfd8 27. g3 Rxc4 28. Qxc4 b6
{with a clear advantage to Black, 0-1 Roktim,B (2396)-Nadig,K (2213)/Mumbai
IND 2008}) 16... hxg6 17. Rd4 $1 (17. Qb5 {is weaker:} Bd6 18. bxc3 (18. Qd3 c2
19. Rd2 Ne5 20. Qxd6 Qxd6 21. Rxd6 Rfd8 22. Nxe5 Rxd6 23. Kf1 Rd1+ 24. Ke2 g5 {
and White has some problems in the endgame with his opponent's c2-pawn. 1-0
Comas Fabrego,L (2508)-Alvarez Pedraza,A (2551)/Sabadell ESP 2011}) 18... Ne5
19. Nxe5 Bxe5 20. g3 Rfd8 21. Be3 a6 22. Qb6 Qxc3 23. Qxb7 Qc2 24. Rdc1 Qd3 25.
Rd1 Qc3 {1/2 Izoria,Z (2593)-Handke,F (2461)/Barcelona ESP 2004}) ({An
interesting thing happened after the capture} 17. bxc3 Be7 ({Principial try
would be} 17... Bxc3) 18. Be3 Bf6 19. a5 Ne5 20. Bd4 {Black is in no way worse,
1/2 Campos Moreno,J (2443)-Pitl,G (2332)/Banyoles ESP 2005}) 17... Bd6 ({
The other way} 17... Be7 {looks slightly preferable:} 18. Bf4 cxb2 19. Qxb2 e5
20. Rc1 Qb6 21. Rxd7 Qxb2 22. Bxe5+ Qxe5 23. Nxe5 Bf6 24. Ng4 (24. f4) 24...
Rac8 25. Rb1 Rc4 26. Nxf6 Kxf6 27. Rdxb7 (27. g3) 27... Rxa4 {and Black saved
the endgame.} 28. g3 {1/2 Sandipan,C (2640)-Vallejo Pons,F (2703)/King of
Prussia USA 2010}) 18. Qd1 ({Another possible try is} 18. Rc4 Qa5 19. Rxc3 Rac8
20. Bd2 Bb4 21. Rd3 Nf6 22. Be3 Bc5 23. Bd2 Bb4 24. Be3 Bc5 25. Bg5 Rfd8 26.
Rb3 Qa6 27. Bxf6+ Kxf6 28. Rb5 $2 (28. Qe5+ Ke7 29. Qg7 Rg8 30. Qh6 {The black
king would be in constant trouble.}) 28... Rd5 29. h4 Kg7 30. Qe1 Qd6 31. Rc1
Rc7 $2 ({winning was} 31... a6 32. Rxb7 Bb4) 32. Qf1 Qf4 {with advantage to
Black, 0-1 Melkumyan,H (2617)-Petrosian,T (2604)/Yerevan 2011}) 18... Rfd8 $2 (
18... c2 $1 19. Qd2 Kg8 $13) 19. Rxd6 c2 {Here Cmilyte had just 8 minutes and
had to be very precise.} 20. Qd2 (20. Qd3 {was wrong:} Ne5 21. Rxd8 Rxd8 $17) (
{or even worse} 20. Qd4+ Nf6 21. Bf4 Rxd6 22. Qxd6 Qxd6 23. Bxd6 Rd8 $19) 20...
Kg8 ({A different knight retreat did not work either:} 20... Nf6 21. Qh6+ Kg8
22. Bg5 Rac8 (22... Qxd6 23. Bxf6 Qd1+ 24. Ne1) 23. Rc1 Ng4 24. Rxd8+ Rxd8 25.
Bxd8 Qxd8 26. Qd2) (20... Ne5 21. Qh6+ Kg8 22. Bg5 (22. Rd2 {is also possible})
22... Rdc8 23. Rd4 {and Black's resources are out.}) 21. Rd3 $1 {A very exact
move, stopping all tactical tricks.} Nf6 22. Raa3 $1 {White brings the last
major piece into action in a very decisive way.} Ne4 23. Qe2 Nc5 ({It was
possible to continue a bit longer} 23... f5 24. Nd2 Qf4 25. g3) 24. Qxc2 Qb6
25. Rxd8+ Rxd8 26. h4 Qd6 27. Be3 Nd3 28. Bg5 Nb4 29. Qd2 Qxd2 {The immediate
capture is possible and leads to very unclear positions.} 30. Bxd2 1-0

[Event "WchT (Women) 3rd"]
[Site "Mardin"]
[Date "2011.12.19"]
[Round "2"]
[White "Dzagnidze, Nana"]
[Black "Danielian, Elina"]
[Result "1-0"]
[WhiteElo "2516"]
[BlackElo "2497"]
[Annotator "Mikhalchishin,A"]
[PlyCount "74"]
[EventDate "2011.12.18"]
[EventType "team-tourn"]
[EventRounds "9"]
[EventCountry "TUR"]
[SourceTitle "CBM 145 Extra"]
[Source "ChessBase"]
[SourceDate "2012.01.03"]
[SourceVersion "1"]
[SourceVersionDate "2012.01.03"]
[SourceQuality "1"]
[WhiteTeam "Georgia (W)"]
[BlackTeam "Armenia (W)"]
[WhiteTeamCountry "GEO"]
[BlackTeamCountry "ARM"]

1. d4 d5 2. c4 c6 3. Nf3 Nf6 4. Nc3 dxc4 5. a4 Bf5 6. e3 e6 7. Bxc4 Bb4 8. O-O
O-O 9. Qe2 Nbd7 10. Ne5 {This move was popular some 20 years ago! And it was
introduced to tournament practice by the great theoretican GM Vasja Pirc, and
was adopted by none other than Gary Kasparov himself!} Qc7 (10... h6 11. Nd3
Be7 12. a5 $6 (12. e4 $6 Bh7 {/\ Nb6 xPd4}) (12. Rd1) 12... b5 $6 (12... Bh7
13. Rd1 (13. e4 $2 b5 14. Bb3 b4) (13. Bb3 $6 Bxd3 14. Qxd3 Nc5) 13... b5 $13)
13. axb6 axb6 14. Rxa8 Qxa8 15. e4 Bh7 16. f3 $14) (10... Nxe5 $6 11. dxe5 Nd7
(11... Bxc3 12. bxc3 Nd5 13. Ba3 Re8 14. Rac1 Nb6 15. Rfd1 Qg5 16. Bb3 Rad8 17.
Bd6 Nc8 18. Ba3 h5 19. Rd4 Rxd4 20. cxd4 h4 21. e4 Bg6 22. Rf1 {threatening
the unpleasant march of the f2-pawn.}) 12. e4 Bg6 13. f4 $36 Nc5 14. f5 Bh5 $1
15. Qxh5 Qd4+) ({Vishy Anands choice} 10... Re8 {was too slow:} 11. Rd1 Qc7 12.
Nxd7 Qxd7 13. f3 Nd5 14. Na2 Bf8 $6 (14... Bd6 $142 {Kasparov,G}) 15. e4 Bg6
16. Qe1 $16 f5 $4 17. exd5 {1-0 Kasparov,G (2780)-Anand,V (2670)/Dortmund 1992}
) (10... Ne4 11. Nxe4 Bxe4 12. Nd3 Bd6 13. f3 Bd5 14. b3 ({Open the c-file is
stronger:} 14. Bxd5 cxd5 15. Bd2 Qc7 16. Rfc1 Qb8 17. g3) 14... Bxc4 15. bxc4
c5 16. d5 Qc7 17. f4 exd5 18. cxd5 f5 19. Nb2 Rae8 20. Qd3 Re4 21. Nc4 Nb6 22.
Nxb6 axb6 23. Qb5 Rb4 24. Qd3 Qd7 {Shabtai,R (2340)-Markov,J (2455)/Budapest
1992. Black has very serious counterplay.}) 11. e4 Bxc3 ({The bishop retreat
allowed White to keep the initiative by occupying the centre:} 11... Bg6 12.
Nxg6 hxg6 13. e5 Nd5 14. Qf3 N7b6 15. Bb3) 12. Nxd7 Nxd7 ({Other captures are
simply bad:} 12... Nxe4 $2 13. Nxf8 Bxd4 14. Nxe6 fxe6 15. Bxe6+ $1 $18) ({or} 
12... Qxd7 $2 13. exf5 Bxd4 14. fxe6 $18) 13. bxc3 Bg6 14. f4 $5 {A very
aggressive attitude, typica ofl Dzagnidze; men would chose to play to limit
the power of the black bishop and to try to exploit the power of their own
bishop pair and the strong centre.} (14. f3 c5 15. Be3 Rac8 16. Rfc1 Rfd8 17.
a5) 14... Rfe8 15. g4 $1 {Continuing the same strategy till the end!} f6 16. f5
({It was possible was to chose the classical way:} 16. Ba3 a6 $2 (16... Bf7)
17. f5 Bf7 18. Qa2 Nb6 19. Bxe6 Nxa4 20. Rf3 c5 21. Bc1 b5 22. Bf4 Bxe6 23.
fxe6 Qb6 24. d5 $18 c4+ 25. Be3 Qd6 26. Bd4 Nc5 27. Bxc5 Qxc5+ 28. Kh1 a5 29.
Qg2 b4 30. g5 fxg5 31. Qxg5 bxc3 (31... Rxe6 $2 32. cxb4 $1 Qd4 33. dxe6 $1
Qxa1+ 34. Kg2 axb4 35. Qd5 $18) 32. Qe5 $1 Rf8 33. Rg3 Ra7 34. Rag1 Qxg1+ (
34... g6 35. Rxg6+ $1) (34... Qe7 35. d6 $18) 35. Rxg1 {1-0 Pirc,V-Trifunovic,
P/Novi Sad 1936}) 16... Bf7 17. g5 $1 {Just go forward.} ({Also possible was
the strong positional move} 17. a5) 17... fxg5 18. Bxg5 Nb6 ({It seemed more
logical to keep the knight on the kingside, but it led to troubles:} 18... Nf6
19. Bxf6 gxf6 20. Qg4+ Kh8 21. Qh4 Qe7 22. fxe6 Bxe6 23. Bxe6 Qxe6 24. Rxf6)
19. Ba2 exf5 20. Rxf5 ({Of course it makes no sense to improve the position of
black knight:} 20. a5 Nc8 21. Rxf5 Nd6) 20... Bxa2 (20... Be6 {looks very
unpleasant:} 21. Bxe6+ Rxe6 22. Qa2 Rae8 23. Raf1 Qc8 24. a5 Nd7 25. e5) 21.
Qxa2+ Kh8 22. Raf1 h6 ({It was slightly better to try to retain material
equality} 22... c5 23. Rf7 Qc6 24. a5 Qg6 25. axb6 Qxg5+ 26. Kh1 Qe3 27. bxa7
cxd4 28. cxd4 Qxe4+ 29. Qg2 Qxd4 30. Rg1 Rg8 31. Qxb7) 23. Rf7 Qc8 24. Qg2 {
Now all the white pieces are getting closer and closer to the opponent's king.}
Qe6 25. R1f6 $1 {A typical decisive blow.} gxf6 ({The capture} 25... Qxe4 {
led to a forced mate:} 26. Rxh6+ Kg8 27. Rxg7+ $1 Kxg7 28. Bf6+ Kf7 (28... Kxh6
29. Qg5+ Kh7 30. Qg7#) 29. Qg7+ Ke6 30. Be5+ Kd5 31. Qf7+ Re6 32. Qxe6#) 26.
Bxf6+ Qxf6 27. Rxf6 Re7 28. Rxh6+ Rh7 29. Qg6 Rxh6 30. Qxh6+ Kg8 31. a5 {
Now it is all over, Black just continues to play so as not to disturb the
other members of her team with a negative result.} Na4 32. Qe6+ Kh8 33. Qf6+
Kg8 34. e5 Nxc3 35. e6 Rf8 36. Qg6+ Kh8 37. Qh5+ Kg7 1-0

[Event "World Women-ch k.o."]
[Site "Teheran"]
[Date "2017.02.15"]
[Round "2.2"]
[White "Tan, Zhongyi"]
[Black "Ushenina, Anna"]
[Result "1-0"]
[WhiteElo "2502"]
[BlackElo "2444"]
[Annotator "Moradiabadi,E"]
[PlyCount "79"]
[EventDate "2017.02.11"]
[EventType "k.o."]
[EventRounds "7"]
[EventCountry "IRI"]
[SourceTitle "CBM 177"]
[Source "ChessBase"]
[SourceDate "2017.03.16"]
[SourceVersion "1"]
[SourceVersionDate "2017.03.16"]
[SourceQuality "1"]

1. c4 {In a "must-win situation" against ex-world champion Anna Ushenina, Tan
Zhongyi showed great control over her nerves and pulled off a superb strategic
victory.} c6 2. Nf3 d5 3. d4 Nf6 4. Nc3 dxc4 {A well-known thread in the Slav.
I have seen a few games of Ushenina in the past and I can tell you that she
knows her openings to a T.} 5. a4 Bf5 6. e3 $5 {A harmless opening with a
clear plan. Does Tan Zhongyi have something up her sleeve? She needs to win!}
e6 7. Bxc4 Bb4 8. O-O Nbd7 9. Qe2 O-O 10. e4 Bg6 11. Bd3 Bh5 12. e5 Nd5 13.
Nxd5 cxd5 14. Qe3 {These moves have all been played before. I personally have
5 games on the white side in this position in the database!} Be7 15. Ne1 Bg6
16. f4 f5 $6 {I do not like this move. Black self-imposes a long-term agony
over her bishop on g6.} (16... Rc8 17. g4 h6 $6 (17... Bxd3 18. Nxd3 Rc4) (
17... Nc5 $5 $146 18. f5 Nb3 19. fxg6 hxg6 $1 20. Bxg6 Qb6 21. a5 Qxd4 $1 22.
Qxd4 Nxd4 23. Bd3 Nb3 {and Black is clearly better.}) 18. Bxg6 fxg6 19. Nd3 Qb6
20. Bd2 Qb3 21. Rf2 Nb6 22. Raf1 Nc4 23. Qe2 Nxb2 24. Nxb2 Qxb2 25. Qd3 Qc2 26.
Qb5 Bh4 27. Rg2 Qe4 28. Qxb7 Qxd4+ 29. Kh1 Rc2 30. Qb4 Qd3 31. Rfg1 Qf3 32. Rb1
Be7 33. Qb3 Qxb3 34. Rxb3 g5 35. f5 exf5 36. gxf5 Rxf5 37. Re2 g4 38. Kg2 Bg5
39. Rb8+ Kh7 40. e6 d4 41. Rb5 d3 42. Rxf5 dxe2 43. Be1 Bh4 {0-1 (43)
Jakovenko,D (2736)-Wang,Y (2697) St Petersburg 2012}) 17. Bd2 Nb8 18. b4 Nc6
19. Nc2 $14 {White is better and going to expand on both flanks.} a6 20. Kh1
Qb6 21. Rab1 Rfc8 22. Rg1 {Tan Zhongyi is taking her time and builds things up
gradually.} Bf8 23. h3 Qd8 24. a5 Rc7 25. Ne1 $1 {This knight is heading to g5.
} b6 $6 {Ushenina feels obliged to do something and she starts to confuse
herself.} 26. Nf3 b5 27. g4 fxg4 $2 {A decisive blunder. Black had to stay
still and wait. Now White's pawns are unstoppable.} 28. Ng5 $1 {A thematic
manoeuvre in this kind of position.} Qe8 29. hxg4 h6 30. f5 Bf7 31. Nf3 $18 {
The game is strategically over.} Ne7 32. Rg2 Kh8 33. Rh2 Ng8 34. Rf1 Rac8 35.
f6 Rc4 36. g5 Bxb4 37. Bxb4 Rxb4 38. fxg7+ Kxg7 39. gxh6+ Kh8 40. Qg1 {A great
come-back by Tan Zhongyi.} 1-0

[Event "Minsk op"]
[Site "Minsk"]
[Date "1996.??.??"]
[Round "5"]
[White "Tihonov, Jurij"]
[Black "Bezgodov, Alexei"]
[Result "1-0"]
[WhiteElo "2365"]
[BlackElo "2485"]
[Annotator "Notkin,M"]
[PlyCount "65"]
[EventDate "1996.??.??"]
[EventType "swiss"]
[EventRounds "9"]
[EventCountry "BLR"]
[SourceTitle "EXT 2000"]
[Source "ChessBase"]
[SourceDate "1999.11.16"]
[SourceVersion "1"]
[SourceVersionDate "1999.11.16"]
[SourceQuality "1"]

1. d4 d5 2. c4 c6 3. Nf3 Nf6 4. Nc3 dxc4 5. a4 Bf5 6. e3 e6 7. Bxc4 Bb4 8. O-O
O-O 9. Qe2 Nbd7 10. e4 Bg6 11. Bd3 Bh5 12. Bf4 Re8 13. e5 Nd5 14. Nxd5 exd5 15.
Qc2 (15. Bf5 f6 $1 (15... Nf8 $5 16. Qd3 Bg6 17. g4 Ne6 18. Bg3 c5 19. h4 cxd4
20. Nxd4 Nxd4 21. Qxd4 Qb6 22. Qxd5 $16 {Piket,J-Brennikmeijer,J/Eindhoven/
1991/1|0/42/}) 16. Qd3 Nf8 17. exf6 Qxf6 18. Bg5 Qd6 19. a5 Bg6 $13 {Pekarek,
A-Hertneck,G/Deutschland/1992/0|1/38/}) 15... Bxf3 (15... Nf8 $5) (15... Bg6 $5
) 16. gxf3 Nf8 17. Be3 (17. Rad1 $5) 17... Qh4 (17... c5 $5 18. dxc5 (18. Rad1
cxd4 19. Bxd4 Qh4 20. Bf5 Ne6 $17) 18... Rxe5 19. f4 $5 $13) 18. Kh1 Ne6 $2 (
18... c5 $5 19. dxc5 (19. Rg1 cxd4 20. Rg4 Qh3 21. Rg3 Qh5 22. Bg5 $1 $44 (22.
Bxd4 $6 Ne6 23. Be3 d4 $17)) 19... d4 20. Qc4 Bxc5 $1 21. Qxc5 dxe3 $44) 19.
Rg1 $1 g6 (19... Nxd4 20. Bxd4 Qxd4 21. Rg4 Qc5 22. Bxh7+ Kf8 23. Qf5 $40) (
19... c5 20. Rg4 Qh3 21. Rag1 $1 Qxf3+ 22. R1g2 cxd4 23. Be2 Rac8 24. Qd3 Qh3
25. R2g3 $18) (19... h5 20. Rad1 c5 21. dxc5 d4 22. Bc1 Nxc5 (22... Bxc5 23.
Qd2 $16) 23. Bh7+ Kh8 24. f4 $16) 20. Rg4 Qh3 21. Rg3 Qh4 22. Rag1 Nxd4 23. Qb1
$1 Ne6 (23... c5 24. Bxg6 $1 $18) 24. f4 (24. Rg4 Qe7) 24... Bf8 25. f5 Ng7 26.
f6 Nh5 $2 (26... Ne6 $5 27. Rg4 Qh5 28. f4 d4 (28... Bc5 29. Bxc5 Nxc5 30. Be2
$36) 29. Bd2 Nc5 30. Be2 d3 31. Rxg6+ Qxg6 32. Bh5 Ne4 33. Bxg6 hxg6 $16) (
26... Rxe5 27. fxg7 Bxg7 28. Rg4 Qe7 29. Qc2 $16) 27. Rg4 Qh3 28. Qd1 $1 $18
Rxe5 29. Bf1 Qxg4 (29... Rxe3 30. Bxh3 Rxh3 31. Kg2 $1 $18) 30. Qxg4 Bd6 (30...
Nxf6 31. Qf4 Rf5 32. Qc7 $18) 31. Qd7 Re6 32. Bh3 Nxf6 33. Qxb7 1-0

[Event "FRA-chT Top 16 GpB"]
[Site "France"]
[Date "2007.04.30"]
[Round "6.4"]
[White "Pelletier, Yannick"]
[Black "Sebag, Marie"]
[Result "1-0"]
[WhiteElo "2602"]
[BlackElo "2475"]
[Annotator "Pelletier,Y"]
[PlyCount "67"]
[EventDate "2007.02.09"]
[EventType "team"]
[EventRounds "11"]
[EventCountry "FRA"]
[SourceTitle "CBM 118"]
[Source "ChessBase"]
[SourceDate "2007.05.31"]
[SourceVersion "1"]
[SourceVersionDate "2007.05.31"]
[SourceQuality "1"]
[WhiteTeam "Clichy"]
[BlackTeam "Evry"]
[WhiteTeamCountry "FRA"]
[BlackTeamCountry "FRA"]

1. d4 d5 2. c4 c6 3. Nf3 Nf6 4. Nc3 dxc4 5. a4 Bf5 6. e3 e6 7. Bxc4 Bb4 8. O-O
Nbd7 9. Qe2 O-O 10. e4 Bg6 11. Bd3 Bh5 12. e5 Nd5 13. Nxd5 cxd5 14. Qe3 h6 15.
Ne1 f5 {Maries Wahl überraschte mich, insofern ich diesen Zug selber mit
Schwarz versucht habe.} 16. Bd2 $146 {Meiner Meinung nach sollte Weiß die
Bauernstruktur nicht ändern. Trotzdem haben hier starke Spieler mit Erfolg auf
f6 geschlagen.} Bxd2 $6 (16... f4 {bringt wegen} 17. Qh3 {nichts ein.}) ({
Schwarz hätte aber die Läufer behalten sollen:} 16... Be7 17. Nc2 Rc8 $13 (
17... Nb8 18. a5 $5) 18. Bb4 $140 $6 Bxb4 19. Nxb4 Qb6) 17. Qxd2 Qb6 18. Nc2
Rac8 (18... Rfc8 19. Rfb1 Nb8 20. a5 Qd8 21. Rc1 $14) 19. Rfb1 Nb8 ({
Vielleicht sollte Schwarz selber a5 spielen, denn in den Partie wird sie am
Damenflügel erstickt. Z.B.} 19... a5 20. Bb5 Nb8 21. Rc1 (21. Ne1 Be8) 21...
Be8 22. Na3 $14) 20. a5 Qc7 21. Rc1 Qd7 22. b4 a6 $6 ({Das Loch auf c5 ist nun
unheilbar. Weiß stünde zwar nach} 22... Rc7 23. b5 $5 (23. Bf1 Rfc8 24. Ne1
Rxc1 25. Rxc1 Rxc1 26. Qxc1 b6) 23... Rfc8 24. Nb4 {auch schön, aber die
schwarzen Aussichten wären besser als in der Partie.}) 23. Bf1 $1 (23. Ne1 {
erlaubt etwas Gegenspiel nach} Rxc1 24. Rxc1 Qa4 $1 {, denn} 25. Qb2 Nc6 26.
Nc2 {[%cal Gc1a1] bringt wegen} Ne7 {nicht viel ein.}) 23... Rc7 (23... Nc6 24.
Ne1 Qe7 25. Rc5 $16) 24. Ne1 Rfc8 25. Nd3 ({Stärker als} 25. Rc5 Rxc5 26. bxc5
Be8 {, da Weiß den Vorposten c5 nützen sollte.}) 25... Nc6 $6 ({Wichtig ist es,
dass nach} 25... Rxc1 26. Rxc1 Rxc1 27. Qxc1 {die weiße Dame ins gegnerische
Lager eindringen kann:} Be8 28. Qc5 $1 $16 {[%csl Rb7][%cal Gc5b6,Gc5a7,Yd3c5]}
) 26. Nc5 Qe7 27. Nxb7 $1 {Dies entscheidet bereits.} Nxd4 (27... Rxb7 28. Bxa6
{[%csl Ga5,Gb4]} Rxb4 $140 29. Bxc8 Nxd4 30. a6 Nb3 31. Bxe6+ $18) 28. Rxc7
Rxc7 29. Nc5 Rxc5 30. Qxd4 Rc6 31. b5 axb5 32. a6 Rc8 33. Qb6 $1 (33. a7 Qb7)
33... Qf8 34. a7 (34. Qxe6+ Kh7 35. Qxc8 Qxc8 36. a7 Qa8 37. Bxb5) 1-0